Normal view
MARC view
Entry Topical Term
001 - CONTROL NUMBER
- control field: 20787
003 - CONTROL NUMBER IDENTIFIER
- control field: ARRUPE
005 - DATE AND TIME OF LATEST TRANSACTION
- control field: 20151029152845.0
008 - FIXED-LENGTH DATA ELEMENTS
- fixed length control field: 151029|| aca||aabn | a|a d
040 ## - CATALOGING SOURCE
- Original cataloging agency: ARRUPE
- Transcribing agency: ARRUPE
150 ## - HEADING--TOPICAL TERM
- Topical term or geographic name as entry element: English language
- Form subdivision: Dictionaries
- General subdivision: Bantu.
670 ## - SOURCE DATA FOUND
- Source citation: Work cat.: (ARRUPE)0: Torrend, J. (Jules), 1861-1936. 20786, An English-vernacular dictionary of the Bantu-Botatwe dialects of Northern Rhodesia,, 1931